Elements of organizational behaviour / (Record no. 11849)
[ view plain ]
| 000 -LEADER | |
|---|---|
| fixed length control field | 00650cam a22002172 4500 |
| 001 - CONTROL NUMBER | |
| control field | 0000001812 |
| 005 - DATE AND TIME OF LATEST TRANSACTION | |
| control field | 20151217155202.0 |
| 008 - FIXED-LENGTH DATA ELEMENTS--GENERAL INFORMATION | |
| fixed length control field | 070327s xx 000 0 eng d |
| 020 ## - INTERNATIONAL STANDARD BOOK NUMBER | |
| Terms of availability | KES 333 |
| 040 ## - CATALOGING SOURCE | |
| Original cataloging agency | KABU |
| Transcribing agency | KABU |
| 050 #0 - LIBRARY OF CONGRESS CALL NUMBER | |
| Classification number | HD58.7 |
| Item number | .N98 1999 |
| 100 1# - MAIN ENTRY--PERSONAL NAME | |
| Personal name | Nzuve, Stephen N. M. |
| -- | 0000161225 |
| 245 10 - TITLE STATEMENT | |
| Title | Elements of organizational behaviour / |
| Statement of responsibility, etc. | S. N. M. Nzuve. |
| 260 ## - PUBLICATION, DISTRIBUTION, ETC. (IMPRINT) | |
| Place of publication, distribution, etc. | Nairobi : |
| Name of publisher, distributor, etc. | Nairobi Univ. Press, |
| Date of publication, distribution, etc. | 1999. |
| 300 ## - PHYSICAL DESCRIPTION | |
| Extent | 156 p. |
| 650 #0 - SUBJECT ADDED ENTRY--TOPICAL TERM | |
| Topical term or geographic name as entry element | Organizational behavior. |
| -- | 0000150790 |
| 650 #0 - SUBJECT ADDED ENTRY--TOPICAL TERM | |
| Topical term or geographic name as entry element | Industrial management. |
| -- | 0000149957 |
| 908 ## - PUT COMMAND PARAMETER (RLIN) | |
| Put command parameter | 070327 |
| 950 ## - LOCAL HOLDINGS (RLIN) | |
| -- | 1 |
| Withdrawn status | Lost status | Source of classification or shelving scheme | Not for loan | Home library | Current library | Date acquired | Total Checkouts | Total Renewals | Full call number | Barcode | Date last seen | Date last checked out | Price effective from | Koha item type |
|---|---|---|---|---|---|---|---|---|---|---|---|---|---|---|
| Library of Congress Classification | Kabarak, Main Campus | Kabarak, Main Campus | 17/12/2015 | 17 | 1 | HD58.7 .N98 1999 c. 1 | 016768 | 29/03/2025 | 25/03/2025 | 17/12/2015 | General Collection |